| 000 | 00863nam a2200229 a 4500 | ||
|---|---|---|---|
| 001 | 41001 | ||
| 003 | BD-RjUL | ||
| 005 | 20211209053318.0 | ||
| 008 | 160514s1958 ii ||||| |||| 00| 0 ben d | ||
| 020 | _c: IRs 7.00 | ||
| 035 | _a(BD-RjUL)41117 | ||
| 040 |
_aBD-RjUL _bben _cBD-RjUL |
||
| 041 | _aben | ||
| 082 |
_223 _a294.5 _bCHM 1958 |
||
| 100 |
_aচন্দ্র, নারায়ণচন্দ্র _9126177 |
||
| 245 | 1 | 0 |
_aমহাপ্রভু শ্রীচৈতন্য / _cনারায়ণচন্দ্র চন্দ্র |
| 260 |
_aকলিকাতা : _bঅশোক পুস্তকালয়, _c১৯৫৮ [১৩৬৫] |
||
| 300 |
_a[৮], ২৯০ পৃ. ; _c২১ সেমি. |
||
| 650 |
_aহিন্দুত্ত্ববাদ _9121504 |
||
| 650 |
_aHinduism _9126178 |
||
| 942 |
_2ddc _cBK |
||
| 999 |
_c41001 _d41001 |
||